[Event "FRA-ch U12 Girls"]
[Site "Hyeres"]
[Date "2002.??.??"]
[Round "1.5"]
[White "Daiber, Marjorie"]
[Black "Forestier, Carole"]
[Result "0-1"]
[WhiteElo "1340"]
[BlackElo "1620"]
[PlyCount "76"]
[EventDate "2002.04.05"]
[EventType "swiss"]
[EventRounds "9"]
[EventCountry "FRA"]
[SourceTitle "EXT 2003"]
[Source "ChessBase"]
[SourceDate "2002.11.25"]
[SourceVersion "1"]
[SourceVersionDate "2002.11.25"]
[SourceQuality "1"]

1. e4 e6 2. Nc3 d5 3. d4 Nf6 4. e5 Nfd7 5. Nf3 c5 6. Be3 Nc6 7. Bb5 cxd4 8. Bxd4 Nxd4 9. Qxd4 a6 10. Ba4 b5 11. Bb3 Bb7 12. Qf4 Be7 13. 0-0-0 Nc5 14. h4 Nxb3+ 15. axb3 Qc7 16. Ng5 Bf6 17. Rhe1 h6 18. Nf3 0-0 19. g3 Be7 20. g4 Rfc8 21. h5 b4 22. Rd3 bxc3 23. bxc3 d4 24. Nxd4 Bg5 25. Qxg5 hxg5 26. c4 Qa5 27. c3 Qa3+ 28. Kd1 a5 29. Ke2 Be4 30. Rdd1 a4 31. bxa4 Rxa4 32. f3 Bh7 33. Rh1 Qxc3 34. Rd3 Qxd3+ 35. Kf2 Qxd4+ 36. Kg2 Ra2+ 37. Kh3 Qf2 38. Rg1 Qh4# 0-1